| 000 | 01410nam a22004097a 4500 | ||
|---|---|---|---|
| 001 | 0008591 | ||
| 003 | KOHA_MİRAKIL | ||
| 005 | 20260207001641.0 | ||
| 007 | ta | ||
| 008 | 091009b1992 tu |||gr||||#||||0|tur | | ||
| 020 |
_a9751605148 _cTL10 |
||
| 040 |
_aTR-BiSEU _btur _cTR-BiSEU _erda |
||
| 041 | 0 | _atur | |
| 044 | _ctu | ||
| 050 |
_aNA1101.R47 _bC45 1992 |
||
| 100 | 1 | _aÇelikkol, Zeki. | |
| 245 | 1 |
_aRodos'taki Türk eserleri ve tarihçe/ _cZeki Çelikkol ; Zeki Çelikkol. |
|
| 264 | 1 |
_aAnkara : _b.Atatürk Kültür, Dil ve Tarih Yüksek Kurumu Türk Tarih Kurumu _c1992 |
|
| 300 | _a176 sayfa ,[170]sayfa: resimli, haritalı; 27 cm. | ||
| 336 |
_ametin _btxt _2rdacontent |
||
| 337 |
_aaracısız _bn _2rdamedia |
||
| 338 |
_acilt _bnc _2rdacarrier |
||
| 490 | 1 | _aAtatürk Kültür, Dil ve Tarih Yüksek Kurumu Türk Tarih Kurumu yayınları. | |
| 490 | 1 | _aVI. | |
| 490 | 1 |
_adizi ; _vsa. |
|
| 490 | 1 | _a25-a | |
| 500 | _aKaynakça ve dizin var. | ||
| 500 | _aOsmanlıca metin var. | ||
| 650 | 0 |
_aArchitecture, Islamic--Greece--Rhodes. _921520 |
|
| 650 | 0 |
_aArchitecture, Turkish--Greece--Rhodes. _921521 |
|
| 650 | 0 |
_aRhodes (Greece)--Buildings, structures, etc. _921522 |
|
| 830 | 1 |
_aAtatürk Kültür, Dil ve Tarih Yüksek Kurumu Türk Tarih Kurumu yayınları. _96368 |
|
| 830 | 1 |
_aVI. _921029 |
|
| 830 | 1 |
_adizi ; _vsa. _910357 |
|
| 830 | 1 |
_a25-a _921523 |
|
| 942 |
_2lcc _cBK |
||
| 999 |
_c8563 _d8563 |
||